All Princesses of Wales - Statistics

General Stats
  • This quiz has been taken 14 times
  • The average score is 9 of 11
Answer Stats
Hint Answer % Correct
2022- Catherine Elizabeth Middleton
100%
1501-1502* Catherine of Aragon
100%
1981-1996 Diana Frances Spences
100%
1901-1910 Victoria Mary Augusta Louise Olga Pauline Claudine Agnes of Teck
100%
1470-1471* Anne Neville
91%
2005-2022 Camilla Rosemary Shand
91%
1714-1727 Wilhelmina Charlotte Caroline of Brandenburg-Ansbach
82%
1863-1901 Alexandra Caroline Marie Charlotte Louise Julia of Denmark
64%
1795-1820 Caroline Amelia Elizabeth of Brunswick-Wolfenbuttel
64%
1736-1751* Augusta of Saxe-Gotha-Altenburg
55%
1361-1375* Joan of Kent
36%
No matching quizzes found
Score Distribution
Percent of People with Each Score
Percentile by Number Answered
Your Score History
You have not taken this quiz